000 00533nam a2200181Ia 4500
003 GCL
008 140319s9999 xx 000 0 ara d
040 _aGCL /
_cGCL
082 0 4 _a331
_bع ا
100 1 _aعاصم بن طاهر عرب
245 1 0 _aاقتصاديات العمل :نظرية عامة /
_cعاصم بن طاهر عرب
300 _a167 ص
490 _aكتاب
_v0
650 0 4 _aادارة الانتاج
650 0 4 _aاقتصاديات العمل
650 0 4 _aالادارة - تنظيم
942 _2ddc
_cBK
999 _c43281
_d43281